[Event "ZN-2010-0-01034"]
[Site "LSS email"]
[Date "2010.05.12"]
[Round "?"]
[White "Tassinati, Mirco"]
[Black "Karacay, Emir"]
[Result "1-0"]
[WhiteElo "559"]
[BlackElo "800"]
[PlyCount "30"]
[EventDate "2010.05.06"]
[EventType "match (corr)"]
[EventRounds "2"]
[EventCountry "GER"]
[SourceTitle "Corr 2015"]
[Source "ChessBase"]
[SourceDate "2015.07.17"]
[SourceVersion "1"]
[SourceVersionDate "2015.07.17"]
[SourceQuality "1"]

1. e4 Nh6 2. d4 d5 3. e5 f6 4. Bxh6 gxh6 5. Qh5+ Kd7 6. Qf5+ Ke8 7. Bb5+ Nc6 8. e6 Bxe6 9. Qxe6 Qd7 10. Qxd7+ Kxd7 11. Nc3 Kd8 12. Nxd5 e6 13. Nxf6 Bg7 14. Nh5 Bxd4 15. 0-0-0 a6 1-0